Catálogo de la Biblioteca Horacio González - Universidad Nacional de General Sarmiento

Philo of Alexandria: (Registro nro. 62203)

Detalles MARC
000 -CABECERA
campo de control de longitud fija 01169nam a2200313Ia 4500
001 - NÚMERO DE CONTROL
campo de control UByD000890
003 - IDENTIFICADOR DEL NÚMERO DE CONTROL
campo de control AR-LpoUNG
005 - FECHA Y HORA DE LA ÚLTIMA TRANSACCIÓN
campo de control 20241226140042.0
008 - DATOS DE LONGITUD FIJA--INFORMACIÓN GENERAL
campo de control de longitud fija 220825s2000||||ne |||||||||||||| ||eng||
020 ## - NÚMERO INTERNACIONAL ESTÁNDAR DEL LIBRO
Número Internacional Estándar del Libro 9004116826
040 ## - FUENTE DE LA CATALOGACIÓN
Centro catalogador/agencia de origen AR-LpoUNG
Lengua de catalogación spa
Centro/agencia transcriptor AR-LpoUNG
Normas de descripción aacr
041 1# - CÓDIGO DE LENGUA
Código de lengua del texto/banda sonora o título independiente eng
-- grc
082 0# - NÚMERO DE LA CLASIFICACIÓN DECIMAL DEWEY
Número de clasificación R013.891 1 129v2
100 1# - ENTRADA PRINCIPAL--NOMBRE DE PERSONA
Nombre de persona Runia, D.T.
245 10 - MENCIÓN DE TÍTULO
Título Philo of Alexandria:
Resto del título an annotated bibliography : 1987-1996 with addenda for 1937-1986
260 ## - PUBLICACIÓN, DISTRIBUCIÓN, ETC.
Lugar de publicación, distribución, etc. Leiden :
Nombre del editor, distribuidor, etc. Brill,
Fecha de publicación, distribución, etc. 2000.
300 ## - DESCRIPCIÓN FÍSICA
Extensión 412 p.
590 ## - NOTA LOCAL (RLIN)
Procedencia (VM) [OBSOLETO] p. 278-279, contiene:
Nota local tarjeta con membrete de la UNGS, en la que se invita al acto en que se distinguió a José Pablo Martín como profesor consulto, con fecha del 24 de octubre de 2006.En el reverso tiene anotaciones, algunas de ellas son palabras en griego.
590 ## - NOTA LOCAL (RLIN)
Procedencia (VM) [OBSOLETO] p. 250-251, contiene:
Nota local recibos de depósitos de un banco, sin datos legibles por el paso del tiempo.
650 #4 - PUNTO DE ACCESO ADICIONAL DE MATERIA--TÉRMINO DE MATERIA
Término de materia o nombre geográfico como elemento de entrada BIBLIOGRAFIAS
650 #4 - PUNTO DE ACCESO ADICIONAL DE MATERIA--TÉRMINO DE MATERIA
Término de materia o nombre geográfico como elemento de entrada FILOSOFO
650 #4 - PUNTO DE ACCESO ADICIONAL DE MATERIA--TÉRMINO DE MATERIA
Término de materia o nombre geográfico como elemento de entrada FILOSOFIA
650 #4 - PUNTO DE ACCESO ADICIONAL DE MATERIA--TÉRMINO DE MATERIA
Término de materia o nombre geográfico como elemento de entrada EDAD ANTIGUA
650 #4 - PUNTO DE ACCESO ADICIONAL DE MATERIA--TÉRMINO DE MATERIA
Término de materia o nombre geográfico como elemento de entrada MATERIAL DE REFERENCIA
653 #1 - TÉRMINO DE INDIZACIÓN--NO CONTROLADO
Término no controlado FILON, DE ALEJANDRIA
700 1# - PUNTO DE ACCESO ADICIONAL--NOMBRE DE PERSONA
Nombre de persona Keizer, H.M.
905 ## - ELEMENTOS DE DATOS E LOCAL, LDE (RLIN)
a CJPM473
942 ## - ELEMENTOS DE PUNTO DE ACCESO ADICIONAL (KOHA)
Tipo de ítem Koha Libro
Fuente del sistema de clasificación o colocación Dewey Decimal Classification
Existencias
Estado de retiro Estado de pérdida Fuente del sistema de clasificación o colocación Estado dañado No para préstamo Código de colección Localización permanente Ubicación/localización actual Fecha de adquisición Total de préstamos Signatura topográfica completa Código de barras Fecha visto por última vez Precio válido a partir de Tipo de ítem Koha
    Dewey Decimal Classification     Colección José Pablo Martín Biblioteca Universidad Nacional de General Sarmiento Biblioteca Universidad Nacional de General Sarmiento 01/12/2021   R013.891 1 129v2 S00067311 01/12/2021 01/12/2021 Lectura en Sala